Еще заметка об антифрикционных сплавах; Вестник Общества технологов; Т. 21, № 12

Detaylı Bibliyografya
Parent link:Вестник Общества технологов.— , 1914
Т. 21, № 12.— 1914.— С. 490-494
Yazar: Бутаков И. Н. Иннокентий Николаевич
Özet:В фонде НТБ ТПУ отсутствует
Dil:Rusça
Baskı/Yayın Bilgisi: 1914
Konular:
Materyal Türü: Kitap Bölümü
KOHA link:https://koha.lib.tpu.ru/cgi-bin/koha/opac-detail.pl?biblionumber=593358

MARC

LEADER 00000naa0a2200000 4500
001 593358
005 20250130164935.0
035 |a (RuTPU)RU\TPU\tpu\6563 
090 |a 593358 
100 |a 20011210d1914 k||y0rusy50 ca 
101 0 |a rus 
102 |a RU 
200 1 |a Еще заметка об антифрикционных сплавах  |f И. Н. Бутаков 
333 |a В фонде НТБ ТПУ отсутствует 
461 |t Вестник Общества технологов  |d 1914 
463 |t Т. 21, № 12  |v С. 490-494  |d 1914 
610 1 |a металловедение 
610 1 |a труды учёных ТПУ 
700 1 |a Бутаков  |b И. Н.  |c ученый-теплотехник  |c профессор Томского политехнического института  |f 1881-1970  |g Иннокентий Николаевич  |3 (RuTPU)RU\TPU\pers\18396 
801 0 |a RU  |b 63413507  |c 20011210  |g PSBO 
801 2 |a RU  |b 63413507  |c 20120215  |g PSBO 
942 |c CR